Missing Word: Disney Songs About You Quiz Stats

 Plays Quiz Updated Apr 21, 2018

Score 0/15 Timer 02:00
1 Play Today
Song Missing Word % Correct
Can You Feel the _____ Tonight?Love
96.2%
I Wan'na _____ Like YouBe
95.8%
You Can _____! You Can _____! You Can _____!Fly
94.4%
_____ You Wish Upon a StarWhen
91.8%
A Guy _____ YouLike
89.6%
_____ While You WorkWhistle
88.1%
Do You Want to Build a _____?Snowman
87.5%
You'll Be in My _____ Heart
86.5%
Song Missing Word % Correct
A Dream Is a _____ Your Heart MakesWish
85.2%
Anytime You Need a _____Friend
84.4%
_____ of Your WorldPart
76.2%
_____ With Your HeartListen
56.6%
You're _____Welcome
48.8%
Gonna _____ You ThereTake
48%
_____ To Your HeartTrue
21.9%

Today's Daily Dose

You're not logged in!

Compare scores with friends on all Sporcle quizzes.
OR
Log In

Sporcle TV

Today on Sporcle TV


Watch our educational content, quiz creation guides, and fun videos on Sporcle TV.

Show Comments

Extras

Top Quizzes Today


Score Distribution

Your Account Isn't Verified!

In order to create a playlist on Sporcle, you need to verify the email address you used during registration. Go to your Sporcle Settings to finish the process.

Report this User

Report this user for behavior that violates our Community Guidelines.

Details: